|
|
|
|
| LEADER |
01961nam a2200313 u 4500 |
| 001 |
10114358 |
| 003 |
upatras |
| 005 |
20231114115931.0 |
| 008 |
141022s2014 gr gre |
| 952 |
|
|
|0 0
|1 0
|4 0
|6 371_120000000000000_ΠΑΠ
|7 0
|9 171263
|a PTDE
|b PTDE
|d 2016-04-24
|i 11408
|l 0
|o 371.12 ΠΑΠ
|p 025000211173
|r 2016-04-24 00:00:00
|t 1
|w 2016-04-24
|y BK15
|
| 952 |
|
|
|0 0
|1 0
|2 ddc
|4 0
|6 370_117000000000000_ΠΑΠ
|7 0
|9 230468
|a THST
|b THST
|d 2019-02-28
|i 013646
|l 0
|o 370.117 ΠΑΠ
|p 025000259994
|r 2019-02-28 00:00:00
|t 1
|w 2019-02-28
|y BK15
|
| 952 |
|
|
|0 0
|1 0
|2 ddc
|4 0
|6 370_117000000000000_ΠΑΠ
|7 0
|9 230473
|a THST
|b THST
|d 2019-02-28
|i 013645
|l 0
|o 370.117 ΠΑΠ
|p 025000259999
|r 2019-02-28 00:00:00
|t 1
|w 2019-02-28
|y BK15
|
| 999 |
|
|
|c 107164
|d 107164
|
| 020 |
|
|
|a 9786188107151
|
| 040 |
|
|
|a GR-PaULI
|b gre
|c GR-PaULI
|e AACR2
|
| 041 |
0 |
|
|a gre
|
| 082 |
0 |
4 |
|2 23
|a 371.12
|
| 245 |
0 |
0 |
|a Υποστηρίζοντας την επαγγελματική ανάπτυξη των εκπαιδευτικών :
|b εγχειρίδιο επιμόρφωσης /
|c επιμέλεια: Ζωή Παπαναούμ, Μαρία Λιακοπούλου.
|
| 260 |
|
|
|a Θεσσαλονίκη :
|b Υ.ΠΑΙ.Θ.,
|c 2014.
|
| 300 |
|
|
|a 398 σ. :
|b πίν. ;
|c 24 εκ.
|
| 500 |
|
|
|a Συνοδευτικό φυλλάδιο : Η δράση "Επιμόρφωση εκπαιδευτικών και μελών της εκπαιδευτικής κοινότητας"... με μια ματιά.
|
| 504 |
|
|
|a Περιέχει βιβλιογραφικές παραπομπές
|
| 650 |
|
4 |
|a Εκπαιδευτικοί
|x Επιμόρφωση
|9 39753
|
| 650 |
|
4 |
|a Εκπαίδευση ενηλίκων
|9 1292
|
| 700 |
1 |
|
|a Παπαναούμ-Τζίκα, Ζωή Π.
|4 επιμελήτρια
|9 39755
|
| 700 |
1 |
|
|a Λιακοπούλου, Μαρία
|4 επιμελήτρια
|9 141427
|
| 852 |
|
|
|a GR-PaULI
|b ΠΑΤΡΑ
|b ΠΤΔΕ
|k ΑΣΧΕ
|h 371.12 ΠΑΠ
|m 11408
|p 025000211173
|t 1
|
| 942 |
|
|
|2 ddc
|c BK15
|
| 998 |
|
|
|c ΤΣΕΝΕ
|d 2014-10
|